000 00460nam a2200145Ia 4500
008 151015s9999 xx 000 0 und d
020 _a789026323
050 _aTX 53 .C613 2005
245 _aConnor,Elizabeth
250 _a_Internet guide to food safety and security Elizabeth Connor
300 _aNew York Harworth information 2005
500 _aInclues bibliography and index.
650 _a_Food safety measures
700 _a^d20120829 04:49:16^oanne
999 _c3712
_d3712